• 首页
  • 本馆介绍
  • 公告通知
  • 最新文献
  • 馆藏检索
  • 电子资源
  • 读者导购
  • 参考咨询
  • 我的图书馆
  • 登录
  • 详细信息显示
  • 放入我的书架
  • 预约/预借图书
  • 作者相关作品
  • 分类相关作品
  • 丛书相关作品
  • 出版社相关作品

书目信息

  • 表格格式
  • 工作单格式
  • 卡片格式
题名:
奢华尊贵
    
 
作者: 伊记 编著
分册:  
出版信息: 北京   新世界出版社  2013
页数: 281页
开本: 27cm
丛书名: 世界艺术珍品收藏与品鉴大系
单 册:
中图分类: TH714.52
科图分类:
主题词: 手表--shou biao--鉴赏--世界
电子资源:
ISBN: 978-7-5104-4378-7
000 01012nam 2200277 450
001 012001002168
005 20131109192722.0
010    @a978-7-5104-4378-7@dCNY100.00
099    @aCAL 012013128628
100    @a20130823d2013 em y0chiy50 ea
101 0  @achi
102    @aCN@b110000
105    @aa z 000yy
106    @ar
200 1  @a奢华尊贵@Ashe hua zun gui@e世界顶级名表鉴赏@f伊记编著
210    @a北京@c新世界出版社@d2013
215    @a281页@c彩图@d27cm
225 2  @a世界艺术珍品收藏与品鉴大系@Ashi jie yi shu zhen pin shou cang yu pin jian da xi
330    @a为了方便方大表迷, 本书特意从世界几十个品牌当中挑选出了最具代表性的钟表品牌。在介绍所有钟表时, 本书从不同的方面给出表款的参数, 让人一目了然。
410  0 @12001@a世界艺术珍品收藏与品鉴大系
517 1  @a世界顶级名表鉴赏@Ashi jie ding ji ming biao jian shang
606 0  @a手表@Ashou biao@x鉴赏@y世界
690    @aTH714.52@v5
701  0 @a伊记@Ayi ji@4编著
801  0 @aCN@b北京卓展@c20191020
905    @b1199706-9@dTH714.52@e70@f4
    
    奢华尊贵:世界顶级名表鉴赏/伊记编著.-北京:新世界出版社,2013
    281页:彩图;27cm.-(世界艺术珍品收藏与品鉴大系)
    
    
    ISBN 978-7-5104-4378-7:CNY100.00
    为了方便方大表迷, 本书特意从世界几十个品牌当中挑选出了最具代表性的钟表品牌。在介绍所有钟表时, 本书从不同的方面给出表款的参数, 让人一目了然。
●
相关链接 在E读中查询图书 在五车中查询图书 在当当中查询图书 在豆瓣中查询图书


正题名:奢华尊贵     索取号:TH714.52/70         预约/预借

序号 登录号 条形码 馆藏地/架位号 状态 备注
1 1199706   211997062   第二样本阅览室/ [索取号:TH714.52/70] 在馆    
2 1199707   211997071   第三借阅区/ [索取号:TH714.52/70] 在馆    
3 1199708   211997080   第三借阅区/ [索取号:TH714.52/70] 在馆    
4 1199709   211997099   第三借阅区/ [索取号:TH714.52/70] 在馆    
唐山师范学院图书馆 欢迎您!
大连网信软件有限公司© 版权所有